| 000 | 00463nam a2200193Ia 4500 | ||
|---|---|---|---|
| 005 | 20250923144535.0 | ||
| 008 | 008 250917s9999 xx 000 0 eng d | ||
| 037 | _aTextual | ||
| 040 |
_aDSWL _beng _cDSWL |
||
| 041 |
_aeng _2eng |
||
| 084 | _qDSWL | ||
| 100 |
_aRedl, F.E. _9825915 |
||
| 245 | 0 |
_aChildren who hates _cby F.E. Redl |
|
| 260 | _c1951 | ||
| 300 | _a253p. | ||
| 700 |
_aD Wineman _9825916 |
||
| 942 | _cTEXL | ||
| 999 |
_c1440221 _d1440221 |
||